|
|
|
|
| LEADER |
00000nam a2200000 a 4500 |
| 001 |
vtls001421746 |
| 003 |
SK-MaSNL |
| 005 |
20260301050631.0 |
| 008 |
251113s2000 RU a r 0 rus |
| 020 |
|
|
|a 5783807346
|c [280,00]
|
| 035 |
|
|
|a SNK000376601
|
| 040 |
|
|
|a SNK
|b slo
|c SNK
|e AACR2
|
| 044 |
|
|
|a RU
|
| 080 |
|
|
|a 936.7=82
|2 1981
|
| 080 |
|
|
|a 291.21
|2 1981
|
| 080 |
|
|
|a 903(=82)
|2 1981
|
| 100 |
1 |
|
|a Mizun, Julija Vladislavovna
|4 aut
|9 356572
|
| 245 |
1 |
|
|a Tajny jazyčeskoj Rusi
|c Ju. V. Mizun, Ju. G. Mizun
|
| 260 |
|
|
|a Moskva
|b Veče
|c 2000
|
| 300 |
|
|
|a 441 s.
|c 21 cm
|
| 490 |
1 |
|
|a Velikije tajny
|
| 650 |
0 |
7 |
|a mesta kultové
|x svätyne
|z Rusko
|x štúdie
|2 SNK
|9 356573
|
| 650 |
0 |
7 |
|a náboženstvá pohanské
|z Rusko
|x štúdie
|2 SNK
|9 356574
|
| 651 |
|
7 |
|a Rusko
|2 SNK
|9 17250
|
| 700 |
1 |
|
|a Mizun, Jurij Gavrilovič
|4 aut
|9 356575
|
| 830 |
|
0 |
|a Velikije tajny
|9 298840
|
| 919 |
|
|
|a 5-7838-0734-6
|
| 999 |
|
|
|c 601444
|d 603374
|
| 952 |
|
|
|t P60, <04>, [BOOK], {604}
|a SNK
|b SNK
|y VYP
|7 0
|p 17A0320664
|o snkIC 129737
|i snkV 1540/2001
|0 0
|1 0
|4 0
|d 2001-11-14
|l 0
|r 2005-01-02 00:00:00
|w 2026-02-23
|